| Tag |
First Indicator |
Second Indicator |
Subfields |
| LEADER |
00000cam a2200000 a 4500 |
| 001 |
in00000632921 |
| 005 |
20151015055032.0 |
| 008 |
810303s1981 mau b 00000 eng d |
| 010 |
|
|
|a 80083076
|
| 020 |
|
|
|a 0316943622
|
| 035 |
|
|
|a (OCoLC)07185764
|
| 035 |
|
|
|9 ACV0093AM
|
| 040 |
|
|
|a MNU
|c MNU
|d TXA
|d UtOrBLW
|
| 043 |
|
|
|a n-us---
|
| 049 |
|
|
|a TXAM
|c 1 [985084], 2 [804217]
|
| 090 |
|
|
|a HN65
|b W53 1981
|
| 245 |
0 |
0 |
|a Social problems :
|b the contemporary debates /
|c edited by John B. Williamson, Linda Evans, Anne Munley.
|
| 250 |
|
|
|a 3rd ed.
|
| 264 |
|
1 |
|a Boston :
|b Little, Brown,
|c [1981]
|
| 264 |
|
4 |
|c ©1981
|
| 300 |
|
|
|a xiv, 487 pages ;
|c 23 cm.
|
| 336 |
|
|
|a text
|b txt
|2 rdacontent
|
| 337 |
|
|
|a unmediated
|b n
|2 rdamedia
|
| 338 |
|
|
|a volume
|b nc
|2 rdacarrier
|
| 500 |
|
|
|a Previous edition entered under John B. Williamson.
|
| 504 |
|
|
|a Includes bibliographical references.
|
| 650 |
|
0 |
|a Social problems.
|
| 651 |
|
0 |
|a United States
|x Social conditions
|y 1960-1980.
|
| 700 |
1 |
|
|a Williamson, John B.
|
| 700 |
1 |
|
|a Evans, Linda,
|d 1945 March 8-
|
| 700 |
1 |
|
|a Munley, Anne.
|
| 999 |
|
|
|a MARS
|
| 999 |
f |
f |
|s d6d6c21e-1076-3d54-a9c0-af9827d8436c
|i 5b85d136-5889-37b9-b17a-3f23bbe39a37
|t 0
|
| 952 |
f |
f |
|p ric
|a Texas A&M University
|b Rellis Campus
|c Joint Library Facility
|d Remote Storage
|t 0
|e HN65 W53 1981
|h Library of Congress classification
|i unmediated -- volume
|m A14807712817
|
| 998 |
f |
f |
|a HN65 W53 1981
|t 0
|l Remote Storage
|